000 00604nam a2200205Ia 4500
001 19817
003 GE_BSU
008 181216s||||||||xx |||||||||||||| ||und||
040 _cGE_BSU
245 _aЗемледелие №8. 2016
245 _bТеоретический и научно-практический журнал
245 _cГл. ред. М.Ю. Гаитов
260 _aМосква
260 _c2016
300 _a48 стр. 29см. илл.
653 _aЗемледелие №8. 2016
653 _aПериодика
653 _aპერიოდიკა
942 _cCR
999 _c52789
_d52789